00377nam a22001457a 4500003000400000008004100004020001800045082001500063100001800078245005000096250001500146260003000161300000800191650003200199OSt250424b |||||||| |||| 00| 0 eng d a9781041046059 a006.35 SIN aSINGH,Jyotika aNatural Language Processing in the Real World a1st Rep Ed aNew YorkbCRC Pressc2025 a362 aNatural Language Processing